Understanding and responding to terrorism (Record no. 115614)
[ view plain ]
| 000 -LEADER | |
|---|---|
| fixed length control field | 01426nam a2200313 a 4500 |
| 082 04 - DEWEY DECIMAL CLASSIFICATION NUMBER | |
| Classification number | 363.325/16 |
| 245 00 - TITLE STATEMENT | |
| Title | Understanding and responding to terrorism |
| 260 ## - PUBLICATION, DISTRIBUTION, ETC. (IMPRINT) | |
| Place of publication | Washington, DC : |
| Name of publisher | IOS Press, |
| Year of publication | 2007. |
| 300 ## - PHYSICAL DESCRIPTION | |
| Number of Pages | xiii, 397 p. |
| 490 0# - SERIES STATEMENT | |
| Series statement | NATO science for peace and security series. E. Human and societal dynamics ; |
| 500 ## - GENERAL NOTE | |
| General note | Proceedings from the North Atlantic Treaty Organization 's 2006 Advanced Research Workshop on "Policing Responses to Terrorist Organizations," held in Washington D.C. on Sept. 8-9, 2006. |
| 650 #0 - SUBJECT ADDED ENTRY--TOPICAL TERM | |
| Topical Term | Terrorism |
| 700 1# - ADDED ENTRY--PERSONAL NAME | |
| Personal name | Durmaz, Huseyin. |
| 856 40 - ELECTRONIC LOCATION AND ACCESS | |
| Uniform Resource Identifier | http://site.ebrary.com/lib/rucke/Doc?id=10196611 |
No items available.
